Taylor Swift Charting Songs (Billboard Hot Country) - Statistics

General Stats
  • This quiz has been taken 155 times
    145 since last reset
  • The average score is 53 of 84
Answer Stats
Album Weeks On Peak Artist(s) Song % Correct
Red 4 Weeks #17 Taylor Swift All Too Well
95%
Red (Taylor's Version) 21 Weeks #1 Taylor Swift All Too Well (Taylor's Version)
95%
Fearless 12 Weeks #1 Taylor Swift Love Story
94%
Fearless (Taylor's Version) 14 Weeks #1 Taylor Swift Love Story (Taylor's Version)
94%
Fearless 19 Weeks #1 Taylor Swift You Belong with Me
94%
Fearless (Taylor's Version) 2 Weeks #16 Taylor Swift You Belong With Me (Taylor's Version)
94%
Red 34 Weeks #1 Taylor Swift We Are Never Ever Getting Back Together
92%
Red (Taylor's Version) 2 Weeks #16 Taylor Swift We Are Never Ever Getting Back Together (Taylor's Version)
92%
Speak Now 20 Weeks #1 Taylor Swift Ours
91%
Fearless 19 Weeks #10 Taylor Swift Fearless
90%
Fearless (Taylor's Version) 2 Weeks #14 Taylor Swift Fearless (Taylor's Version)
90%
Taylor Swift 24 Weeks #1 Taylor Swift Our Song
89%
Speak Now 15 Weeks #2 Taylor Swift Mine
88%
Red 42 Weeks #2 Taylor Swift Red
88%
Red (Taylor's Version) 6 Weeks #5 Taylor Swift Red (Taylor's Version)
88%
Taylor Swift 32 Weeks #6 Taylor Swift Tim McGraw
87%
Speak Now 19 Weeks #2 Taylor Swift Mean
85%
Taylor Swift 20 Weeks #3 Taylor Swift Picture to Burn
84%
Taylor Swift 27 Weeks #2 Taylor Swift Teardrops on My Guitar
84%
Speak Now 21 Weeks #1 Taylor Swift Sparks Fly
80%
Speak Now 19 Weeks #3 Taylor Swift Back to December
78%
Taylor Swift 21 Weeks #1 Taylor Swift Should've Said No
76%
Speak Now 2 Weeks #58 Taylor Swift Speak Now
76%
Red (Taylor's Version) 20 Weeks #3 Taylor Swift ft. Chris Stapleton I Bet You Think About Me (Taylor's Version) (From the Vault)
73%
Fearless (Taylor's Version) 13 Weeks #2 Taylor Swift Mr. Perfectly Fine (Taylor's Version) (From the Vault)
72%
Fearless 20 Weeks #2 Taylor Swift White Horse
72%
Fearless (Taylor's Version) 1 Week #29 Taylor Swift White Horse (Taylor's Version)
72%
Fearless 15 Weeks #7 Taylor Swift Fifteen
71%
Fearless (Taylor's Version) 1 Week #20 Taylor Swift Fifteen (Taylor's Version)
71%
evermore 4 Weeks #2 Taylor Swift ft. HAIM no body, no crime
68%
Red (Taylor's Version) 9 Weeks #11 Taylor Swift ft. Phoebe Bridgers Nothing New (Taylor's Version) (From the Vault)
68%
Bigger 29 Weeks #8 Sugarland ft. Taylor Swift Babe
63%
Red (Taylor's Version) 2 Weeks #21 Taylor Swift Babe (Taylor's Version) (From the Vault)
63%
Red 3 Weeks #24 Taylor Swift Stay Stay Stay
61%
Red (Taylor's Version) 2 Weeks #20 Taylor Swift Stay Stay Stay (Taylor's Version)
61%
Lover 4 Weeks #10 Taylor Swift ft. Dixie Chicks Soon You'll Get Better
60%
folklore 20 Weeks #6 Taylor Swift betty
59%
Two Lanes of Freedom 31 Weeks #4 Tim McGraw with Taylor Swift Highway Don't Care
59%
Red 23 Weeks #10 Taylor Swift Begin Again
58%
Red (Taylor's Version) 1 Week #25 Taylor Swift Begin Again (Taylor's Version)
58%
Non-Album Single 4 Weeks #34 Taylor Swift Ronan
57%
Red (Taylor's Version) 1 Week #42 Taylor Swift Ronan (Taylor's Version)
57%
Fearless (Taylor's Version) 5 Weeks #6 Taylor Swift ft. Maren Morris You All Over Me (Taylor's Version) (From the Vault)
57%
Fearless (Taylor's Version) 1 Week #24 Taylor Swift The Way I Loved You (Taylor's Version)
56%
Fearless (Taylor's Version) 1 Week #34 Taylor Swift ft. Colbie Caillat Breathe (Taylor's Version)
55%
Fearless (Taylor's Version) 1 Week #30 Taylor Swift ft. Keith Urban That's When (Taylor's Version) (From the Fault)
55%
Valentine's Day 9 Weeks #41 Taylor Swift Today was a Fairytale
55%
Red 1 Week #26 Taylor Swift Treacherous
55%
Red (Taylor's Version) 3 Weeks #15 Taylor Swift Treacherous (Taylor's Version)
55%
AT&T Team USA Soundtrack 2 Weeks #57 Taylor Swift Change
54%
Fearless (Taylor's Version) 2 Weeks #12 Taylor Swift Forever & Always (Taylor's Version)
54%
Red (Taylor's Version) 5 Weeks #13 Taylor Swift Better Man (Taylor's Version) (From the Vault)
53%
Red 3 Weeks #13 Taylor Swift I Almost Do
53%
Red (Taylor's Version) 2 Weeks #17 Taylor Swift I Almost Do (Taylor's Version)
53%
Red 1 Week #28 Taylor Swift Starlight
53%
Red (Taylor's Version) 1 Week #33 Taylor Swift Starlight (Taylor's Version)
53%
Fearless (Taylor's Version) 1 Week #42 Taylor Swift Don't You (Taylor's Version) (From the Vault)
52%
Red 1 Week #32 Taylor Swift Holy Ground
51%
Red (Taylor's Version) 2 Weeks #24 Taylor Swift Holy Ground (Taylor's Version)
51%
The Taylor Swift Holiday Collection 6 Weeks #28 Taylor Swift Last Christmas
51%
Red 1 Week #33 Taylor Swift The Lucky One
51%
Red (Taylor's Version) 1 Week #29 Taylor Swift The Lucky One (Taylor's Version)
51%
Fearless (Taylor's Version) 1 Week #49 Taylor Swift Bye Bye Baby (Taylor's Version) (From the Vault)
50%
Fearless (Taylor's Version) 1 Week #28 Taylor Swift Hey Stephen (Taylor's Version)
49%
Red 2 Weeks #16 Taylor Swift The Moment I Knew
49%
Red (Taylor's Version) 1 Week #28 Taylor Swift The Moment I Knew (Taylor's Version)
49%
Red (Taylor's Version) 2 Weeks #26 Taylor Swift Forever Winter (Taylor's Version) (From the Vault)
48%
Red 1 Week #37 Taylor Swift Sad Beautiful Tragic
48%
Red (Taylor's Version) 1 Week #30 Taylor Swift Sad Beautiful Tragic (Taylor's Version)
48%
Fearless 1 Week #56 Taylor Swift The Best Day
47%
Fearless (Taylor's Version) 1 Week #45 Taylor Swift The Best Day (Taylor's Version)
47%
Red (Taylor's Version) 5 Weeks #18 Taylor Swift The Very First Night (Taylor's Version)
47%
Red (Taylor's Version) 1 Week #31 Taylor Swift Come Back... Be Here (Taylor's Version)
44%
The Hunger Games: Songs from District 12 and Beyond 6 Weeks #50 Taylor Swift Eyes Open
44%
Red (Taylor's Version) 1 Week #37 Taylor Swift Girl at Home (Taylor's Version)
44%
Fearless 1 Week #59 Taylor Swift Jump Then Fall
43%
The Taylor Swift Holiday Collection 4 Weeks #43 Taylor Swift Santa Baby
43%
The Taylor Swift Holiday Collection 2 Weeks #59 Taylor Swift White Christmas
43%
Fearless (Taylor's Version) 1 Week #41 Taylor Swift Tell Me Why (Taylor's Version)
42%
Fearless (Taylor's Version) 1 Week #43 Taylor Swift We Were Happy (Taylor's Version) (From the Vault)
41%
The Taylor Swift Holiday Collection 1 Week #54 Taylor Swift Silent Night
40%
Fearless (Taylor's Version) 1 Week #40 Taylor Swift You're Not Sorry (Taylor's Version)
40%
The Taylor Swift Holiday Collection 5 Weeks #48 Taylor Swift Christmases When You Were Mine
38%
reputation. 8 Weeks #33 Taylor Swift New Year's Day
33%
No matching quizzes found
Score Distribution
Percent of People with Each Score
Percentile by Number Answered
Your Score History
You have not taken this quiz since the last reset